Nahá myseľ

Bibliographic Details
Main Author: Dudková, Miroslava, 1979- (Author)
Format: Book
Language:Slovak
PhysicalDescription:82 s. ilustr., portréty 20 cm
Published: Báčsky Petrovec Slovenské vydavateľské centrum 2009
ISBN:9788671032643
Series:Živý prúd
Subjects:

MARC

LEADER 00000cam a2200000 a 4500
001 vtls010114728
003 SK-MaSNL
005 20260301131357.0
008 251029s2009 yu ac 000 pdslo
015 |a SNBZSA2011-00015 
020 |a 9788671032643  |q (brož.) 
035 |a EEC570E1-4B62-4C1C-A6EB-31EF358F6047 
035 |a urn:nbn:sk:snk-amjg6j 
035 |a urn:nbn:sk:snk-am0012qs 
040 |a SNK  |b slo  |c SNK  |e AACR2 
041 0 |a slo 
043 |a e-rb--- 
044 |a rb  |c RS 
072 7 |a 821.162.4-1  |x Slovenská poézia  |2 konspekt 
080 |a 821.162.4-1  |2 2001 
080 |a (497.11)  |2 2001 
080 |a (0:82-1)  |2 2001 
100 1 |a Dudková, Miroslava,  |d 1979-  |4 aut  |9 124004 
245 1 0 |a Nahá myseľ  |c Miroslava Dudková 
260 |a Báčsky Petrovec  |b Slovenské vydavateľské centrum  |c 2009 
300 |a 82 s.  |b ilustr., portréty  |c 20 cm 
490 1 |a Živý prúd  |v zv. 52 
504 |a Pozn. o aut. 
655 7 |a slovenská poézia  |2 SNKPH  |9 70444 
655 7 |a Slovak poetry  |2 SNKPHeng  |9 265010 
830 0 |a Živý prúd  |9 306094 
852 |a Slovenská národná knižnica 
919 |a 978-86-7103-264-3 
958 |a ZS 
958 |a RS 
958 |a LX 
958 |a NM 
999 |c 747749  |d 749679 
952 |a SNK  |b SNK  |y PREZ  |7 0  |p 17A0675390  |o snkSD 79608  |i snk2010/22617  |8 2  |g 2.98  |0 0  |1 0  |4 0  |d 2010-07-14  |l 0  |r 2025-11-27 00:00:00  |w 2026-02-23 
952 |a SNK  |b SNK  |y VYP  |7 0  |p 17A0675369  |o snkSD 79608 D1  |i snk2010/23128  |8 2  |g 2.98  |0 0  |1 0  |4 0  |d 2010-07-14  |f 1  |l 0  |r 2017-06-30 00:00:00  |w 2026-02-23